| 000 | 01038cam a2200253 4500 | ||
|---|---|---|---|
| 008 | 000000n2001 000 0 eng u | ||
| 020 | _a1842190482 | ||
| 035 | _a(Sirsi) u111910 | ||
| 041 | _aeng | ||
| 050 |
_a614.772 _c18 |
||
| 110 |
_aRoyal Institution of Chartered Surveyors _94900 |
||
| 245 |
_aWater from abandoned mines _bRICS information paper |
||
| 250 | _a2nd ed. | ||
| 260 |
_aLondon _bRICS _c2001 |
||
| 300 |
_a31p. _c30cm. |
||
| 490 | _aRICS Information Paper | ||
| 520 | _aThis revised information paper provides an up-to-date insight into the occurence and nature of mine water. It explores the possible effect of mine closures on mine-water regimes and considers the legal aspect of mine abandonment. The roles of several of the interested parties involved in this complex subject are also discussed. | ||
| 520 | _aAVAILABLE ON ISURV | ||
| 520 | _aSupersedes the first edition (ISBN 0854068295). | ||
| 650 | _aABANDONED MINES | ||
| 650 | _aWATER POLLUTION | ||
| 690 | _aMINING AND MINERALS | ||
| 942 | _n0 | ||
| 999 |
_c101302 _d101302 |
||